000 00663nam a2200205 i 4500
001 65844
003 ES-MaACL
005 20230906165502.0
007 t|
008 040122s1978 sp ||||1| spa d
100 1 _aFuentes Yagüe, José Luis.
_952952
245 1 0 _aApuntes de meteorología agrícola /
_cpor José Luis Fuentes Yagüe.
250 _a2ª ed. rev. y amp.
260 _aMadrid :
_bMinisterio de Agricultura,
_c1978.
300 _a314 p., 2 lám. :
_bil. ;
_c24 cm.
490 1 _aPublicaciones de Extensión Agraria
830 0 _aPublicaciones de Extensión Agraria
_9181874
852 _aES-MaACL
_jA-9437
_bR.98484
999 _c65844
_d65844